Механізми забезпечення майнових прав та інтересів в Україні та Європейському Союзі в контексті концепції сталого розвитку (Запис № 363516)

МАРК-запис
000 -Лідер
fixed length control field 00936nam a22002297a 4500
003 - Ідентифікатор контрольного номера
control field UA-OsUOA
001 - Контрольний номер
control field 77206
007 - Фіксоване поле фізичного опису
fixed length control field ta
008 - Елементи даних фіксованої довжини – загальна інформація
fixed length control field 20110905b un ||||| |||| 00| 0 ukr d
090 ## - Локальний шифр розміщення
Класифікаційний індекс УДК 347.22(4+477)
Авторський знак (НП) М55
040 ## - Джерело каталогізації
Агенція оригінальної каталогізації UA-OsUOA
Мова каталогізації ukr
Агенція, яка здійснювала перезапис UA-OsUOA
Агенція, яка здійснювала модифікацію UA-OsUOA
041 ## - Код мови
Код мови тексту/ звукової доріжки чи окремого заголовка (П) ukr
080 ## - Індекс Універсальної десяткової класифікації
Індекс Універсальної десяткової класифікації (УДК) (НП) 347.22(4+477)
020 ## - Міжнародний стандартний книжковий номер (ISBN)
Міжнародний стандартний книжковий номер (ISBN) (НП) 978-966-7509-56-9
245 ## - Відомості про назву
Назва (НП) Механізми забезпечення майнових прав та інтересів в Україні та Європейському Союзі в контексті концепції сталого розвитку
Решта назви (НП) монографія
Дані про відповідальність (НП) за заг. ред. Крупчана О. Д.
260 ## - Публікація, розповсюдження і т.п. (Вихідні дані)
Місце публікації, розповсюдження і т.п. (П) К.
Ім’я/ наймення видавництва, розповсюджувача і т.п. (П) Наук.-досл. ін-т приватного п-ва і підпр. АПрН України
Дата публікації, розповсюдження і т.п. (П) 2009
300 ## - Фізичний опис
Обсяг 264 с.
650 #7 - Додаткове предметне введення – тематичний термін
Тематичний термін чи географічна назва, як елемент введення (НП) 347 Цивільне право. Судовий устрій
Джерело заголовка чи терміна UDC
942 ## - Додаткові елементи входу (Коха)
Тип елемента Koha Книги
955 ## - Код типу видання за змістом
Код типу видання за змістом (НП) Наукові видання
Фонди
Стан вилучень Стан втрат Джерело класифікації або схеми стелажів Стан уражень Не для кредиту Постійне місце розташування Поточне розміщення Дата придбання Джерело придбання Вартість, звичайна ціна покупки Інвентарний номер Повний номер виклику Штрих-код Дата останнього перегляду Ціна ефективна від Тип елемента Koha Примітка, призначена для загального доступу Код колекції Усього замовленно
    Universal Decimal Classification     АБ - Абонемент НБ АБ - Абонемент НБ 06/09/2013 44/2013 15.00 143353 347.22(4+477) М55 143353 06/02/2022 05/09/2011 Книги   Колекція Скрипнюка О.В.  
    Universal Decimal Classification     ЧЗ - Читальна зала ЧЗ - Читальна зала 05/09/2011 104/2011 15.00 133750 347.22(4+477) М55 133750 11/02/2022 05/09/2011 Книги з автографом